Die Griechischen Liturgieen der Heiligen Jakobus, Markus, Basilius und Chrysostomus /

Další autoři: Jakub Větší, svatý, -asi 44, Jan Zlatoústý, svatý, asi 347-407, Marek, evangelista, Kranzfelder, Theodor, 1809-1872, Storf, Remigius, Thalhofer, Valentin, 1825-1891, Basil, Veliký, svatý, asi 330-379, Dionysios Areopagita, svatý, činný 5. století-6. století
Jazyk: Němčina
Vydáno: Kempten : Verlag der Jos. Kösel'schen Buchhandlung, 1877
Edice: Bibliothek der Kirchenväter
Fyzický popis: 282, [1] s. ; 8°
Knihy
Uloženo v:
LEADER 01984nam a22003612a 4500
001 000423460
003 CZ BrMZK
005 20220914180806.0
007 ta
008 010907s1877 gw f ger d
040 |a BOA001  |b cze 
245 0 4 |a Die Griechischen Liturgieen der Heiligen Jakobus, Markus, Basilius und Chrysostomus /  |c Nach dem Urtexte übersetzt von Remigius Storf, Pfarrer zu Hirschbrunn in der Diözese Augsburg. 
246 3 3 |a Angebliche Schrift über die kirchliche Hierarchie des heiligen Dionysius Areopagita 
246 3 |a Auswahl der vorzüglichsten patristischen Werke in deutscher Uebersetzung 
246 3 2 |a <<Die >>griechische Präsanktifikaten-Liturgie 
246 3 3 |a <<Die >>mozarabische u. ambrosianische Liturgie 
260 |a Kempten :  |b Verlag der Jos. Kösel'schen Buchhandlung,  |c 1877 
300 |a 282, [1] s. ;  |c 8° 
490 1 |a Bibliothek der Kirchenväter : Auswahl der vorzüglichsten patristischen Werke in deutscher Uebersetzung ;  |v Bd. 64 
500 |a Redaktor sbírky: Valentin Thalhofer.-Sváz.s Bd.65,66: Die mozarabische u.ambrosianische Liturgie,üb.von Theodor Kranzfelder. 111 s.; Dionysius Areopagita: Angebliche Schrift über die kirchliche Hierarchie,üb.R.Storf. 119 s. 
700 0 |a Jakub Větší,  |c svatý,  |d -asi 44  |7 jn20001005092  |4 dub 
700 0 |a Jan Zlatoústý,  |c svatý,  |d asi 347-407  |7 jn20011024076  |4 aut 
700 0 |a Marek,  |c evangelista  |7 jn19981001809  |4 dub 
700 1 |a Kranzfelder, Theodor,  |d 1809-1872  |4 trl 
700 1 |a Storf, Remigius  |7 mzk2009502546  |4 trl 
700 1 |a Thalhofer, Valentin,  |d 1825-1891  |7 mzk2005271881  |4 lso 
700 0 |a Basil,  |c Veliký, svatý,  |d asi 330-379  |7 jn19990000494  |4 aut 
700 0 |a Dionysios Areopagita,  |c svatý,  |d činný 5. století-6. století  |7 jo2004213802  |4 aut 
830 0 |a Bibliothek der Kirchenväter 
910 |a BOA001  |b 1-0063.518,64-66 
990 |a BK 
993 |a Y 
996 6 |b 2619771457  |c 1-0063.518,64-66  |l MZK  |r Sklad / do 1 hodiny  |n 2  |w 000423460  |u 000010  |a 1  |e BOA001  |j MZK50  |s P